Missing Word: Steve Carell Quiz Stats

 Plays Quiz Updated Mar 5, 2016

Challenge
Share
Tweet
Embed
Score 0/14 Timer 03:00
0 Plays Today
Movie Missing Word % Correct
The 40-Year-Old ______Virgin
98.7%
Little ____ SunshineMiss
97.3%
____ AlmightyEvan
96.1%
* Horton ____ a Who! *Hears
93.2%
Bruce ________Almighty
92.9%
Date _____Night
88.8%
Dan in ____ LifeReal
83.6%
Movie Missing Word % Correct
_________: The Legend of Ron BurgundyAnchorman
76.3%
Dinner for ________Schmucks
69.3%
Get _____Smart
62.6%
* Over the _____ *Hedge
48.6%
* __________ Me *Despicable
48%
Melinda and _______Melinda
14.6%
_______ USAStories
3.2%

Today's Daily Dose

You're not logged in!

Compare scores with friends on all Sporcle quizzes.
OR
Log In

You Might Also Like...

Show Comments

Extras

Top Quizzes Today


Score Distribution

Your Account Isn't Verified!

In order to create a playlist on Sporcle, you need to verify the email address you used during registration. Go to your Sporcle Settings to finish the process.

Report this User

Report this user for behavior that violates our Community Guidelines.

Details: